|
|
|
|
| LEADER |
01110nam a2200289 a 4500 |
| 001 |
3985223 |
| 008 |
091210s1981 nyua b 000 0 eng d |
| 020 |
|
|
|a 0195029976 (clothbound)
|
| 020 |
|
|
|a 0195029984 (paperback)
|
| 040 |
|
|
|a VMI
|c VMI
|d OCL
|d CDC
|d OCL
|d NCN-M
|d BD-DhAAL
|
| 082 |
0 |
0 |
|a 338.9
|2 19
|
| 245 |
0 |
0 |
|a World development report 1981.
|
| 260 |
|
|
|a New York ;
|a Oxford :
|b Published for the World Bank, Oxford University Press,
|c 1981.
|
| 300 |
|
|
|a viii, 192 p. :
|b ill. (some col.) ;
|c 27 cm.
|
| 500 |
|
|
|a "August 1981."
|
| 504 |
|
|
|a Includes bibliographical references (p. 192)
|
| 541 |
1 |
|
|e 00015673
|
| 650 |
|
0 |
|a Economic development.
|
| 650 |
|
0 |
|a Power resources
|
| 650 |
|
2 |
|a Population Dynamics.
|
| 650 |
|
2 |
|a Power Sources.
|
| 651 |
|
0 |
|a Developing countries.
|
| 651 |
|
0 |
|a Developing countries.
|
| 710 |
2 |
|
|a World Bank
|
| 852 |
4 |
|
|a Ayesha Abed Library
|j General shelf
|
| 999 |
|
|
|c 6140
|d 6140
|
| 952 |
|
|
|0 0
|1 0
|2 ddc
|4 0
|6 338_900000000000000_WOR_1981
|7 0
|9 6136
|a BRACUL
|b BRACUL
|c GEN
|d 2009-12-15
|g 0.00
|l 0
|o 338.9 WOR
|p 3010015673
|r 2009-12-15
|t 1
|w 2009-12-15
|y BK
|x No price found in the accession register.
|